Tutto su the Big Bang Theory - Statistics

Statistiche generali
  • Questo quiz è stato fatto 853 volte
  • Il punteggio medio è 9 su 15
Statistiche sulle risposte
Domanda Risposta % Corretto
Personaggio che inizialmente riusciva a parlare con le donne solo se ubriaco Raj
98%
Dove (città) si sono sposati Leonard e Penny? Las Vegas
89%
In che stato è nata Penny? Nebraska
83%
Dove ha studiato Howard? MIT
78%
Leonard è intollerante al ________ Lattosio
75%
Da quante stagioni è composta l'intera serie tv? 12
66%
Il canale YouTube di Sheldon tratta di ________ Bandiere
64%
Come si chiama il direttore del negozio di fumetti in cui vanno gli amici? Stuart
64%
Quante bussate totali dà Sheldon ad una porta ogni volta che bussa? 9
59%
Come si chiama il fratello di Sheldon? George
55%
Che animale "domestico" ha Amy in casa? Scimmia fumatrice
55%
Che personaggio di Star Wars ha interpretato l'attore che celebra il matrimonio di Sheldon? Luke
53%
La più grande passione di Sheldon Treni
41%
Dove vanno Sheldon ed Amy per la loro luna di miele? Legoland
36%
Una grande e strana passione di Howard Cinture
33%
Nessun quiz corrispondente trovato
Distribuzione punteggi
Percentuale di utenti per punteggio
Percentile per numero di risposta
I tuoi punteggi nel tempo
Non hai fatto questo quiz